000 nam a22 a 4500
999 _c1734
_d1734
003 AKMAL
005 20170511145532.0
008 170511e1986 enka g bi 000 0 eng d
020 _a0316511668
_cGBP4.95
040 _aAKMAL
082 0 0 _a338.762 LAC
_222
090 2 0 _a338.762
_bLAC
100 1 _aLacey, Robert,
_d1944-
_93580
245 1 _aFord:
_bthe men and the machine /
_cRobert Lacey
260 _aLondon:
_bPan Books ,
_c1987
300 _a909p. :
_bill. ;
_c18cm.
500 _aIncludes index
504 _aBibliography:p. 859-885
600 1 _aFord, Henry,
_d1863-1947
_93581
600 3 _aFord family
_93582
610 2 _aFord Motor Company
_xHistory
_93583
650 _aAutomobile industry and trade
_zUnited States
_vBiography
_93584
942 _2ddc
_cBOOK